|
|
|
|
| LEADER |
00000cam a2200000 a 4500 |
| 001 |
vtls001112546 |
| 003 |
SK-MaSNL |
| 005 |
20260426001255.0 |
| 008 |
250313s1978 xo bl fr 10000 slo |
| 015 |
|
|
|a SNBA1978
|
| 035 |
|
|
|a SNK000055389
|
| 035 |
|
|
|a E947EDCC-728F-4AC5-B814-E032B67987EA
|
| 035 |
|
|
|a urn:nbn:sk:snk-am00iflj
|
| 040 |
|
|
|a SNK
|b slo
|c SNK
|e AACR2
|
| 041 |
0 |
|
|a slo
|b eng
|b ger
|b fre
|b rus
|
| 043 |
|
|
|a e-xo---
|
| 044 |
|
|
|a xo
|c SK
|
| 072 |
|
7 |
|a 71
|x Územné plánovanie. Urbanizmus. Pamiatková starostlivosť
|2 konspekt
|
| 080 |
|
|
|a 711.4(437.6):72.011.1(08)
|2 1981
|
| 080 |
|
|
|a 72.011.1(08)
|2 1981
|
| 080 |
|
|
|a 711
|2 2011
|
| 080 |
|
|
|a 71
|2 2011
|
| 080 |
|
|
|a (437.6)
|2 2011
|
| 080 |
|
|
|a (082)
|2 2011
|
| 080 |
|
|
|a 711.433
|2 2011
|
| 080 |
|
|
|a 005.933.1
|2 2011
|
| 245 |
0 |
0 |
|a Rozvoj veľkomestských regiónov na Slovensku vo vzťahu k projektu urbanizácie SSR
|b zborník z pracovnej konferencie : Dudince, 26. - 28. apríla 1977
|c zostavil Robert Ondrejka
|
| 250 |
|
|
|a 1. vyd.
|
| 260 |
|
|
|a Bratislava
|b Alfa
|c 1978
|
| 300 |
|
|
|a 319 strán
|b mapy, tabuľky
|c 31 cm
|
| 366 |
|
|
|e 1000 kusov
|
| 500 |
|
|
|a Vydané pre Ministerstvo výstavby a techniky SSR v Bratislava
|
| 546 |
|
|
|a Anglické, francúzske, nemecké a ruské resumé
|
| 650 |
0 |
7 |
|a veľkomestá
|2 SNKPH
|9 2932
|
| 650 |
0 |
7 |
|a projektovanie
|2 SNKPH
|9 4997
|
| 650 |
0 |
7 |
|a urbanizmus
|2 SNKPH
|9 2925
|
| 650 |
0 |
7 |
|a územné plánovanie
|2 SNKPH
|9 2641
|
| 651 |
|
7 |
|a Slovensko
|2 SNKPHgeo
|9 14231
|
| 655 |
|
7 |
|a zborníky
|2 SNKPH
|9 70165
|
| 700 |
1 |
|
|a Ondrejka, Robert
|4 com
|9 452998
|
| 710 |
1 |
|
|a Slovensko (Československo).
|b Ministerstvo výstavby a techniky
|4 pbl
|9 211618
|
| 852 |
|
|
|a Slovenská národná knižnica
|
| 954 |
|
|
|a odborná, vedecká literatúra pôvodná (slovenská)
|2 lita
|
| 958 |
|
|
|a OND
|
| 958 |
|
|
|a ART
|
| 999 |
|
|
|c 879827
|d 881757
|
| 952 |
|
|
|a SNK
|b SNK
|y PREZ
|7 0
|p 17A0968585
|o snkSB 26733
|i snkKSP 3961/78
|0 0
|1 0
|4 0
|d 2012-08-07
|f 1
|l 0
|r 2026-02-24 06:12:33
|w 2026-02-24
|
| 952 |
|
|
|a SNK
|b SNK
|y VYP
|7 0
|p 17A0221035
|o snkSB 26733 D1
|i snkKSP 3962/78
|3 Obsahuje: 4ks príloh (mapy)
|z Obsahuje: 4ks príloh (mapy)
|0 0
|1 0
|4 0
|d 1999-12-10
|l 0
|r 2004-12-31 00:00:00
|w 2026-02-24
|
| 952 |
|
|
|a SNK
|b SNK
|y VYP
|7 0
|p 17A1140122
|o snkSB 26733/príl. 1 D1
|i snkKSP 3962/78
|3 Príloha: Mapa
|z Príloha: Mapa
|0 0
|1 0
|4 0
|d 2015-06-17
|l 0
|r 2026-02-24 06:12:33
|w 2026-02-24
|
| 952 |
|
|
|a SNK
|b SNK
|y VYP
|7 0
|p 17A1140123
|o snkSB 26733/príl. 2 D1
|i snkKSP 3962/78
|3 Príloha: Mapa
|z Príloha: Mapa
|0 0
|1 0
|4 0
|d 2015-06-17
|l 0
|r 2026-02-24 06:12:33
|w 2026-02-24
|
| 952 |
|
|
|a SNK
|b SNK
|y VYP
|7 0
|p 17A1140124
|o snkSB 26733/príl. 3 D1
|i snkKSP 3962/78
|3 Príloha: Mapa
|z Príloha: Mapa
|0 0
|1 0
|4 0
|d 2015-06-17
|l 0
|r 2026-02-24 06:12:33
|w 2026-02-24
|
| 952 |
|
|
|a SNK
|b SNK
|y VYP
|7 0
|p 17A1140125
|o snkSB 26733/príl. 4 D1
|i snkKSP 3962/78
|3 Príloha: Mapa
|z Príloha: Mapa
|0 0
|1 0
|4 0
|d 2015-06-17
|l 0
|r 2026-02-24 06:12:34
|w 2026-02-24
|